[Event "Satka-ch Rating"]
[Site "Satka"]
[Date "2013.12.15"]
[Round "5"]
[White "Buldakova, Irina"]
[Black "Fokin, Andrey"]
[Result "1/2-1/2"]
[WhiteElo "1720"]
[BlackElo "2074"]
[PlyCount "71"]
[EventDate "2013.12.09"]
[EventType "swiss"]
[EventRounds "9"]
[EventCountry "RUS"]
[SourceTitle "EXT 2016"]
[Source "ChessBase"]
[SourceDate "2015.10.08"]
[SourceVersion "1"]
[SourceVersionDate "2015.10.08"]
[SourceQuality "1"]

1. d4 Nf6 2. Nf3 e6 3. e3 b6 4. b3 Bb7 5. Bb2 Be7 6. c4 0-0 7. Be2 Ne4 8. Nc3 f5 9. 0-0 Bf6 10. Nd2 Nxc3 11. Bxc3 c5 12. Nf3 Nc6 13. Ne5 f4 14. Nxc6 Bxc6 15. exf4 cxd4 16. Bxd4 Bxd4 17. Qxd4 Qh4 18. g3 Qh3 19. f3 h5 20. Rad1 Rf6 21. Qf2 Kf7 22. Bd3 h4 23. Be4 hxg3 24. Qxg3 Rh8 25. Qxh3 Rxh3 26. Bxc6 Rg6+ 27. Kf2 Rxh2+ 28. Ke3 dxc6 29. Rd7+ Ke8 30. Rxa7 Rgg2 31. Rd1 Re2+ 32. Kd4 c5+ 33. Kd3 Rxa2 34. Rxg7 Rab2 35. Kc3 Rhc2+ 36. Kd3 1/2-1/2

[Event "Satka-ch Rating"]
[Site "Satka"]
[Date "2013.12.13"]
[Round "3"]
[White "Mukhina, Jana"]
[Black "Fokin, Andrey"]
[Result "1/2-1/2"]
[WhiteElo "1862"]
[BlackElo "2074"]
[PlyCount "140"]
[EventDate "2013.12.09"]
[EventType "swiss"]
[EventRounds "9"]
[EventCountry "RUS"]
[SourceTitle "EXT 2016"]
[Source "ChessBase"]
[SourceDate "2015.10.08"]
[SourceVersion "1"]
[SourceVersionDate "2015.10.08"]
[SourceQuality "1"]

1. e4 d5 2. exd5 Nf6 3. d4 Nxd5 4. Be2 Bf5 5. c3 e6 6. Nf3 Bd6 7. 0-0 0-0 8. Nbd2 Nd7 9. Nc4 Bf4 10. Bxf4 Nxf4 11. Qd2 Nxe2+ 12. Qxe2 Nb6 13. Nxb6 axb6 14. a3 h6 15. Rad1 Ra5 16. Ne5 Rd5 17. Nc4 Bg6 18. Ne5 Bh7 19. Qf3 b5 20. h3 Qd6 21. Ng4 b6 22. Ne3 Rg5 23. h4 Rg6 24. Ng4 Qe7 25. Ne5 Rf6 26. Qe3 Bc2 27. Rd2 Bb3 28. f4 h5 29. Qe2 Bd5 30. Qxb5 Rf5 31. g3 Rd8 32. Qe2 f6 33. Nf3 Qd7 34. Rfd1 Qc6 35. Kf2 g5 36. hxg5 fxg5 37. Nxg5 Rxg5 38. fxg5 Rf8+ 39. Kg1 Bf3 40. Qd3 Be4 41. d5 exd5 42. Qd4 Rf3 43. Rd3 Qd6 44. Rxf3 Bxf3 45. Kf2 Bxd1 46. Qxd1 Qc5+ 47. Kg2 Qb5 48. b3 Qc6 49. Qd4 Qe6 50. a4 Qe2+ 51. Qf2 Qe4+ 52. Kh2 c5 53. a5 bxa5 54. Qxc5 Qe2+ 55. Kg1 Qd1+ 56. Kf2 Qxb3 57. Qxa5 Qc2+ 58. Ke3 Qe4+ 59. Kd2 Qg2+ 60. Kc1 Qxg3 61. Qxd5+ Kg7 62. Qd4+ Kh7 63. Qe4+ Kg7 64. Qe7+ Kg8 65. Qe8+ Kg7 66. Qxh5 Qxc3+ 67. Kd1 Qd3+ 68. Ke1 Qe3+ 69. Kf1 Qf4+ 70. Kg2 Qd2+ 1/2-1/2

[Event "Urals-ch"]
[Site "Satka"]
[Date "2012.03.26"]
[Round "3"]
[White "Fokin, Andrey"]
[Black "Chigaeva, Anastasia"]
[Result "1/2-1/2"]
[WhiteElo "2101"]
[BlackElo "1930"]
[PlyCount "84"]
[EventDate "2012.03.24"]
[EventType "swiss"]
[EventRounds "9"]
[EventCountry "RUS"]
[SourceTitle "CBM 147 Extra"]
[Source "ChessBase"]
[SourceDate "2012.04.24"]
[SourceVersion "1"]
[SourceVersionDate "2012.04.24"]
[SourceQuality "1"]

1. d4 Nf6 2. c4 g6 3. Nc3 Bg7 4. e4 d6 5. f4 0-0 6. Bd3 c5 7. d5 Nbd7 8. Nge2 a6 9. a4 e6 10. dxe6 fxe6 11. 0-0 Qe7 12. Ng3 b6 13. f5 Ne5 14. fxg6 Nxg6 15. Bg5 h6 16. Be3 Ne5 17. Be2 Bb7 18. a5 bxa5 19. Bf4 Nf7 20. Rxa5 Rad8 21. Bf3 Ng5 22. Qd2 Nxf3+ 23. Rxf3 Kh7 24. h3 Ng8 25. Nce2 e5 26. Be3 Rxf3 27. gxf3 Bc8 28. Kg2 Qf7 29. b3 Ne7 30. Ng1 Ng6 31. Qf2 Rf8 32. Kf1 Nf4 33. Bxf4 exf4 34. N3e2 Qh5 35. Qh2 Be5 36. Ra2 Qh4 37. Rd2 Rg8 38. Rd1 Rg7 39. Rd3 Rg5 40. Rd1 Rh5 41. Kg2 Rg5+ 42. Kf1 Rh5 1/2-1/2

[Event "Satka op"]
[Site "Satka"]
[Date "2010.11.24"]
[Round "7"]
[White "Fokin, Andrey"]
[Black "Nasybullina, Alfia"]
[Result "1-0"]
[WhiteElo "1888"]
[BlackElo "1916"]
[PlyCount "73"]
[EventDate "2010.11.13"]
[EventType "swiss"]
[EventRounds "9"]
[EventCountry "RUS"]
[SourceTitle "EXT 2022"]
[Source "ChessBase"]
[SourceDate "2021.10.06"]
[SourceVersion "1"]
[SourceVersionDate "2021.10.06"]
[SourceQuality "1"]

1. d4 Nf6 2. c4 g6 3. Nc3 Bg7 4. e4 d6 5. f4 e5 6. dxe5 dxe5 7. Qxd8+ Kxd8 8. fxe5 Ng4 9. Bg5+ f6 10. exf6 Bxf6 11. Bxf6+ Nxf6 12. 0-0-0+ Ke7 13. Nd5+ Nxd5 14. cxd5 Nd7 15. Nf3 Kd6 16. Bb5 Ne5 17. Rhf1 Bg4 18. Nxe5 Kxe5 19. Rde1 Rhf8 20. h3 a6 21. Ba4 b5 22. hxg4 bxa4 23. Rf3 Rf4 24. Rxf4 Kxf4 25. e5 Kxg4 26. e6 Kf5 27. Kc2 Kf6 28. Kc3 Ke7 29. Rf1 Rd8 30. Rf7+ Ke8 31. Kc4 Rb8 32. b4 axb3 33. axb3 h5 34. Rxc7 Rb6 35. Kc5 Rxb3 36. d6 Rb8 37. Rh7 1-0

[Event "Satka op"]
[Site "Satka"]
[Date "2010.11.20"]
[Round "4"]
[White "Fokin, Andrey"]
[Black "Vaseptsov, Maxim"]
[Result "1-0"]
[WhiteElo "1888"]
[BlackElo "2168"]
[PlyCount "111"]
[EventDate "2010.11.13"]
[EventType "swiss"]
[EventRounds "9"]
[EventCountry "RUS"]
[SourceTitle "EXT 2022"]
[Source "ChessBase"]
[SourceDate "2021.10.06"]
[SourceVersion "1"]
[SourceVersionDate "2021.10.06"]
[SourceQuality "1"]

1. d4 Nf6 2. c4 e6 3. Nc3 Bb4 4. e3 0-0 5. Bd3 c5 6. Qc2 b6 7. Nf3 Bb7 8. e4 cxd4 9. Nxd4 d5 10. cxd5 exd5 11. e5 Ng4 12. Bf4 Nd7 13. Bxh7+ Kh8 14. Qf5 Qh4 15. 0-0 Ndxe5 16. Bxe5 Nxe5 17. Qxe5 Rae8 18. Qxg7+ Kxg7 19. Nf5+ Kxh7 20. Nxh4 d4 21. Nb5 d3 22. a3 Be7 23. Nf5 Rg8 24. g3 Bf3 25. Nbd4 Bh5 26. Nxe7 Rxe7 27. f3 Rd7 28. Nb3 Rc8 29. g4 Bg6 30. Rf2 a5 31. h4 f5 32. Rd1 fxg4 33. fxg4 Rc4 34. Rg2 Be4 35. Nd2 Bxg2 36. Nxc4 Bf3 37. Rd2 Rd4 38. Ne5 Be4 39. Kf2 Rd5 40. Nf7 Bg6 41. Ng5+ Kh6 42. Nf3 b5 43. Ke3 b4 44. axb4 axb4 45. h5 Bh7 46. Rh2 Rd8 47. g5+ Kg7 48. g6 Bg8 49. Ne5 Kh6 50. Nxd3 b3 51. Ne5 Rc8 52. Kf4 Rc2 53. Ng4+ Kg7 54. Kf5 Rc5+ 55. Ne5 Kh6 56. Kf6 1-0

[Event "Satka op"]
[Site "Satka"]
[Date "2010.11.18"]
[Round "3"]
[White "Fokin, Andrey"]
[Black "Baigildin, Albert"]
[Result "1-0"]
[WhiteElo "1888"]
[BlackElo "2075"]
[PlyCount "107"]
[EventDate "2010.11.13"]
[EventType "swiss"]
[EventRounds "9"]
[EventCountry "RUS"]
[SourceTitle "EXT 2022"]
[Source "ChessBase"]
[SourceDate "2021.10.06"]
[SourceVersion "1"]
[SourceVersionDate "2021.10.06"]
[SourceQuality "1"]

1. d4 Nf6 2. c4 g6 3. Nc3 d5 4. Nf3 Bg7 5. e3 0-0 6. Bd3 c5 7. 0-0 cxd4 8. exd4 dxc4 9. Bxc4 Bg4 10. d5 Nbd7 11. h3 Nb6 12. Bb3 Bxf3 13. Qxf3 Rc8 14. Re1 Nc4 15. Qe2 Na5 16. Qb5 b6 17. Be3 Nb7 18. Qa6 Nc5 19. Bxc5 Rxc5 20. Qxa7 Nd7 21. Qa3 Re8 22. Na4 Rb5 23. Rad1 Be5 24. Bc4 Bd6 25. Qe3 Rb4 26. Bb3 Nc5 27. Nxc5 Bxc5 28. Qf3 Qd6 29. g3 Rd8 30. Re2 Rf8 31. Rde1 Qd7 32. Kg2 Rd4 33. Qc3 Qf5 34. Bc4 Qf6 35. b4 Bd6 36. Rd2 Rxd2 37. Qxd2 Rc8 38. Bb3 Rc3 39. Re3 Bxb4 40. Rxc3 Bxc3 41. Qe2 Bd4 42. Qf3 Qd6 43. Qe4 Bc5 44. Qf3 Kg7 45. Qc3+ f6 46. Qf3 Qe5 47. h4 Qd4 48. Qe2 g5 49. hxg5 fxg5 50. Qf3 g4 51. Qf5 h5 52. Qg5+ Kf8 53. Qh6+ Kg8 54. d6+ 1-0